From phonics to fluency : effective teaching of decoding and reading fluency in the elementary school /

Bibliographic Details
Main Author: Rasinski, Timothy V.
Other Authors: Padak, Nancy
Format: Book
Language:English
Published: Boston : Pearson Education, [2013]
Edition:3rd ed.
Subjects:

MARC

Tag First Indicator Second Indicator Subfields
LEADER 00000cam a2200000Ia 4500
001 in00002782567
005 20200806133723.0
008 120207s2013 mau 000 0 eng d
020 |a 9780132855228 (pbk.) 
020 |a 0132855224 (pbk.) 
035 |a (OCoLC)ocn778325843 
040 |a UKM  |c UKM  |d YDX  |d YBM  |d BWX  |d IYU  |d UtOrBLW 
049 |a TXAM 
082 0 |a 372.462  |2 23 
090 |a LB1050.44  |b .R28 2013 
100 1 |a Rasinski, Timothy V. 
245 1 0 |a From phonics to fluency :  |b effective teaching of decoding and reading fluency in the elementary school /  |c Timothy V. Rasinski, Nancy D. Padak. 
250 |a 3rd ed. 
264 1 |a Boston :  |b Pearson Education,  |c [2013] 
264 4 |c ©2013 
300 |a xiv, 322 pages :  |b illustrations ;  |c 24 cm. 
336 |a text  |b txt  |2 rdacontent 
337 |a unmediated  |b n  |2 rdamedia 
338 |a volume  |b nc  |2 rdacarrier 
504 |a Includes bibliographical references and index. 
650 0 |a Word recognition. 
650 0 |a Reading  |x Phonetic method. 
650 0 |a Fluency (Language learning) 
700 1 |a Padak, Nancy. 
945 |a PromptCat  |b 125022 
946 |a stk 
947 |a A14835938560 
948 |a cataloged  |b h  |c 2020/08/06  |d c  |e blrosas  |f 1:37:14 pm 
994 |a 92  |b TXA 
999 |a MARS 
999 f f |s ab3f22a3-523f-3ea4-a743-9c35fee09044  |i 136d7795-8806-3e31-a4f6-c76c7f30ab22  |t 0 
952 f f |p normal  |a Texas A&M University  |b College Station  |c Sterling C. Evans Library  |s Evans stk  |d Evans: Library Stacks  |t 0  |e LB1050.44 .R28 2013  |h Library of Congress classification  |i unmediated -- volume  |m A14851540741 
998 f f |a LB1050.44 .R28 2013  |t 0  |l Evans: Library Stacks